Statistics for azerbaycan ve türkiye

Click here to take the quiz!

General Stats

  • This quiz has been taken 729 times
  • The average score is 4 of 5

Answer Stats

QuestionAnswer% Correct
sovyetler birliği sınırlerı içindeydi?azerbaycan
90%
türk değillerdirEL ARABİ OMAYTİ ALLAH-U ALLAH ALEM-İN PADİŞAHI ALLAH-U ALLAH
89%
ermenistana sınırı vardır?ikiside
89%
ermenilere soykırım yapmıştır?hiçbiri
68%
KKTC'yi tanımıştır?türkiye
62%

Score Distribution

Percentile by Number Answered

Percent of People with Each Score

Your Score History

You have not taken this quiz